00853 2200205 4500245004500000020002200045250001100067100001700078700002100095650002200116650001800138650002100156005001900177260003100196041001400227084001100241300003000252500035600282336000900638 aMoney Mindset EffectcHaikal RuslihText a978-623-7506-06-5 aCet. 1 aHaikal Rusli aFerrial Pondrafi aPengembangan Diri aMotivasi Diri aSelf Improvement a20240112135405 aSolobTiga Serangkaic2019 aIndonesia a155.25 axviii, 158 hlm. :c21 cm. aDengan memahami pola pikir yang benar tentang uang, kita diajak untuk melihat uang secara objektif: tidak terlalu mengagungkannya, tidak pula antipati padanya. Dengan pola pikir yang membangun, kita mampu menciptakan hubungan saling menguntungkan dengan uang yang kita miliki. Outputnya, kita dapat menciptakan hidup yang kaya dan penuh keberlimpahan. atext